LEADER 01450nam a2200289 i 4500 001 991003681579707536 008 020 $a9788859012405 035 $ab14370980-39ule_inst 040 $aDip.to di Storia, Società e Studi sull'Uomo$bita 082 04$a372.72044 100 1 $aPoli, Silvana$c$0280828 245 12$aI numeri e lo spazio :$btavola magnetica, strumenti visuospaziali per il conteggio e primi calcoli : 5-7 anni /$cSilvana Poli, Adriana Molin e Daniela Lucangeli 246 14$aI numeri e lo spazio :$bstrumenti visuospaziali e tavola magnetica per il conteggio e primi calcoli 260 $aTrento :$bErickson,$cc2016 300 $a93 p. :$bill. ;$c30 cm +$e14 schede 490 0 $aProgrammi di potenziamento della cognizione numerica e logico-scientifica 500 $aIn allegato una tavola magnetica 650 4$aMatematica$xApprendimento$xScuola elementare 700 1 $aMolin, Adriana$eauthor$4http://id.loc.gov/vocabulary/relators/aut$0280827 700 1 $aLucangeli, Daniela 907 $a.b14370980$b02-04-20$c19-07-19 912 $a991003681579707536 945 $aLE023 372.72 POL 1 1 Studio Prof.ssa Marinelli$g1$i2023000176276$lle023$nin deposito permanente dalla prof.ssa Valeria Marinelli$op$pE23.50$q-$rn$ss $t0$u0$v0$w0$x0$y.i15901658$z09-09-19 996 $aNumeri e lo spazio$91750277 997 $aUNISALENTO 998 $ale023$b19-07-19$cm$da $e-$fita$git $h2$i0 LEADER 01524nam a22003251i 4500 001 991003067689707536 005 20040527180805.0 008 040624s1938 it a||||||||||||||||ita 035 $ab13019351-39ule_inst 035 $aARCHE-097703$9ExL 040 $aDip.to Beni Culturali$bita$cA.t.i. Arché s.c.r.l. Pandora Sicilia s.r.l. 082 04$a913.38 100 1 $aLaurenzi, Luciano$0206410 245 10$aMonumenti di scultura del Museo archeologico di Rodi-IV e dell'Antiquarium di Coo-II /$cLuciano Laurenzi 260 $aRodi :$bIstituto storico-archeologico,$c1938 300 $a229 p. :$bill. ;$c31 cm 440 0$aClara Rhodos ;$v9 500 $aPubblicato con: Due vasi del Museo archeologico di Rodi / E. Paribeni ; Una bilingue greco-nabatea a Coo / G. Levi Della vida ; La legge ateniese sull'unificazione della moneta / M. Segre ; Iscrizioni di Licia / M. Segre ; Un nuovo decreto di Lindo nel V sec. a.C. / S. Accame 650 4$aScavi archeologici$xJalisso 650 4$aArcheologia$xRodi 700 1 $aSegre, Mario 700 1 $aParibeni, Enrico 700 1 $aAccame, Silvio 700 1 $aLevi Della Vida, Giorgio 907 $a.b13019351$b02-04-14$c12-07-04 912 $a991003067689707536 945 $aLE001 AR IX 19c$g1$i2001000125661$lle001$nC. 1$o-$pE0.00$q-$rl$s- $t0$u0$v0$w0$x0$y.i13632449$z12-07-04 996 $aMonumenti di scultura del Museo archeologico di Rodi-IV e dell'Antiquarium di Coo-II$9289309 997 $aUNISALENTO 998 $ale001$b12-07-04$cm$da $e-$fita$git $h0$i1 LEADER 03236nam 2200601 450 001 9910787380003321 005 20200520144314.0 010 $a0-8131-3096-4 010 $a0-8131-4792-1 035 $a(CKB)3710000000334150 035 $a(EBL)1915319 035 $a(SSID)ssj0001402990 035 $a(PQKBManifestationID)12618744 035 $a(PQKBTitleCode)TC0001402990 035 $a(PQKBWorkID)11365497 035 $a(PQKB)11051534 035 $a(OCoLC)897116626 035 $a(MdBmJHUP)muse43935 035 $a(Au-PeEL)EBL1915319 035 $a(CaPaEBR)ebr11011665 035 $a(CaONFJC)MIL690786 035 $a(OCoLC)900344710 035 $a(MiAaPQ)EBC1915319 035 $a(EXLCZ)993710000000334150 100 $a20150207h19961996 uy 0 101 0 $aeng 135 $aur|n|---||||| 181 $ctxt 182 $cc 183 $acr 200 14$aThe southern strategy revisited $eRepublican top-down advancement in the South /$fJoseph A. Aistrup 210 1$aLexington, Kentucky :$cThe University Press of Kentucky,$d1996. 210 4$d©1996 215 $a1 online resource (307 p.) 300 $aDescription based upon print version of record. 311 $a1-322-59504-6 311 $a0-8131-1904-9 320 $aIncludes bibliographical references and index. 327 $aCover; Title; Copyright; Contents; List of Figures, Tables, and Maps; Acknowledgments; Introduction; Section 1 ; Chapter 1 Seeds of Change; Chapter 2 The Rhetoric of the Southern Strategy; Chapter 3 Colonizing the South; Chapter 4 Contesting and Winning Elections; Section 2; Chapter 5 Ideology: Conservatives versus Moderates; Chapter 6 Intraparty Coalition Politics: The Coleman Paradox; Chapter 7 The Redistricting Explanation; Chapter 8 Democratic Incumbency; Chapter 9 Top Down Advancement; Chapter 10 The Southern Strategy and Top-Down Advancement: Conclusion; Appendix 1 Interviews 327 $aAppendix 2 Demographic ClustersAppendix 3 Measures of Policy Conservatism; Appendix 4 Pool Time-Series Design; Appendix 5 The Measurement of Republican Subnational Advancement; Notes; Bibliography; Index; A; B; C; D; E; F; G; H; I; J; K; L; M; N; O; P; R; S; T; U; V; W; Y 330 $aThe 1994 elections represented a watershed year for southern Republicans. For the first time since Reconstruction, they gained control of a majority of national seats and governorships. Yet, despite these impressive gains, southern Republicans control only three of twenty-two state legislative chambers and 37 percent of state legislative seats. Joseph A. Aistrup addresses why this divergence between the national and subnational levels persists even after GOP national landslides in 1972, 1980, 1984, 1988, and 1994.Explanations for this divergence lie in the interaction between the Republicans' 606 $aElections$zSouthern States 607 $aSouthern States$xPolitics and government$y1951- 615 0$aElections 676 $a324.2734/0975/09045 700 $aAistrup$b Joseph A.$f1960-$01485468 801 0$bMiAaPQ 801 1$bMiAaPQ 801 2$bMiAaPQ 906 $aBOOK 912 $a9910787380003321 996 $aThe southern strategy revisited$93704619 997 $aUNINA